000 00260nam a2200097Ia 4500
001 642413
005 20250826153526.0
008 250824s9999 xx 000 0 und d
245 0 _aGelincik Diz/Yaşanmış Hayvan Öyküler 3
_cGülten Dayıoğlu
260 _bALTIN
999 _c642413
_d642413